OPAC Home

ඇලන් ක්වාටමන්ගේ වීර චාරිකාව (Record no. 41253)

MARC details
000 -LEADER
fixed length control field 00600nam a2200193Ia 4500
008 - FIXED-LENGTH DATA ELEMENTS--GENERAL INFORMATION
fixed length control field 120823t2005 xxu||||| |||| 00| 0 sin d
041 ## - LANGUAGE CODE
Language code of text/sound track or separate title Sinhala; Sinhalese
080 ## - UNIVERSAL DECIMAL CLASSIFICATION NUMBER
Universal Decimal Classification number 8-31(eng)
Item number HAG
942 ## - ADDED ENTRY ELEMENTS (KOHA)
Koha item type Books
003 - CONTROL NUMBER IDENTIFIER
control field LK-CoDNM
040 ## - CATALOGING SOURCE
Original cataloging agency LK-CoDNM
Modifying agency LK-CoDNM
Description conventions LK-CoDNM
100 ## - MAIN ENTRY--PERSONAL NAME
Personal name Hagard,Henri Raidar
700 ## - ADDED ENTRY--PERSONAL NAME
Personal name Mendis,Chandana
Relator term translater
245 ## - TITLE STATEMENT
Title ඇලන් ක්වාටමන්ගේ වීර චාරිකාව
246 ## - VARYING FORM OF TITLE
Title proper/short title Alan Kwatamange Wira Charikawa
260 ## - PUBLICATION, DISTRIBUTION, ETC. (IMPRINT)
Place of publication, distribution, etc. Author
-- Kotte
Date of publication, distribution, etc. 2005
300 ## - PHYSICAL DESCRIPTION
Other physical details 2006 cm
500 ## - GENERAL NOTE
General note Sinhalese Translation Of Henri Raidar Hagard's of Allan quartermain
Holdings
Withdrawn status Lost status Damaged status Not for loan Collection code Permanent Location Current Location Date acquired Full call number Barcode Koha item type
        Translation Library National Museum Colombo - Sri Lanka Library National Museum Colombo - Sri Lanka 2012-08-23 8-31(eng) HAG 146929 Books
Copyright © 2023 Department of National Museum, Colombo 07, Sri Lanka Funded by UNESCO IFAP UNESCO